Los aguizotes: raíces mágicas de Costarrica (Registro nro. 5273)
[ vista simple ]
| 000 -CABECERA | |
|---|---|
| campo de control de longitud fija | 00532aam a2200193 4500 |
| 005 - FECHA Y HORA DE ACTUALIZACIÓN | |
| campo de control | 20170127150438.0 |
| 008 - LONGITUD FIJA | |
| campo de control de longitud fija | 150508b xxu||||| |||| 00| 0 spa d |
| 041 ## - IDIOMA | |
| Código de idioma del texto/pista de sonido o título separado | |
| 082 ## - CLASIFICACIÓN DECIMAL DEWEY | |
| Número de clasificación | 398.41 C112a |
| 100 ## - AUTOR PERSONAL | |
| Nombre de persona | Cabal Antillón, Dionisio |
| 245 ## - TÍTULO PROPIAMENTE DICHO | |
| Título | Los aguizotes: raíces mágicas de Costarrica |
| 260 ## - PIE DE IMPRENTA | |
| Lugar de publicación, distribución, etc. | Costa Rica |
| Nombre del editor, distribuidor, etc. | D.J. Cabal A |
| Fecha de publicación, distribución, etc. | 2009 |
| 300 ## - DESCRIPCIÓN FÍSICA | |
| Extensión | 186 páginas |
| 650 ## - Materia General | |
| Materia general | COSTA RICA |
| 650 ## - Materia General | |
| Materia general | CREENCIAS POPULARES |
| 650 ## - Materia General | |
| Materia general | IDENTIDAD |
| 650 ## - Materia General | |
| Materia general | FOLCLÓR |
| 942 ## - Punto de Acceso Adicional Koha | |
| Tipo de ítem Koha | Libro |
| Estado perdido | Estado dañado | No para préstamo | Biblioteca permanente | Biblioteca actual | Signatura completa | Código de barras | Precio efectivo a partir del | Tipo de ítem |
|---|---|---|---|---|---|---|---|---|
| Departamento de Biblioteca y Documentación Alfonso Chase Brenes | Departamento de Biblioteca y Documentación Alfonso Chase Brenes | 398.41 C112a | 14276 | 27/01/2017 | Libro |